Famous Italian Athletes - Statistics

General Stats
  • This quiz has been taken 28 times
  • The average score is 11 of 16
Answer Stats
Picture Answer % Correct
Francesco Totti
100%
Gianluigi Buffon
100%
Carlo Ancelotti
96%
Fabio Cannavaro
96%
Paolo Rossi
96%
Valentino Rossi
96%
Paolo Maldini
92%
Roberto Baggio
92%
Jannick Sinner
80%
Gianmarco Tamberi
76%
Alberto Tomba
48%
Federica Pellegrini
40%
Pietro Mennea
36%
Sofia Goggia
36%
Giacomo Agostini
32%
Bebe Vio
24%
No matching quizzes found
Score Distribution
Percent of People with Each Score
Percentile by Number Answered
Your Score History
You have not taken this quiz